000 00841nam a2200253Ia 4500
003 OSt
005 20220925234019.0
006 a|||||r|||| 00| 0
007 ta
008 220923b |||||||| |||| 00| 0 eng d
020 _a9781420068092
_c505.75
037 _bABPL/AD/14-15/69, 19/02/2015, Ane Books Pvt Ltd
_cGeneral Book
040 _aRTL
_cRTL
_beng
041 _2eng
_aeng
082 _aX:516, P8
100 _aPALEY Norton
_9299689
245 0 _aMastering the rules of competitive strategy
_b A resource guide for managers.
260 _a New Delhi
_bAuerbach Publications
_c2008
300 _axxii, 225p
_ccm.
500 _aBibliography: Chapterwise.
650 _aCommerce
942 _hX:516, P8
_cGB
_2CC
999 _c595051
_d595051